Gaming Quiz

Random Gaming or James Bond Quiz

Weapons in James Bond Agent Under Fire Quiz Stats

 Plays Quiz not verified by Sporcle

Also try: Cluedo (Clue)
Challenge
Share
Tweet
Embed
Score 0/29 Timer 07:00
0 Plays Today
Weapon Type Weapon % Correct
PistolP2K
82.9%
Tool/TransportationQ-Grapple
80.5%
Tool**Q-Laser
73.2%
Remote Explosive/ToolDetonator Mine/Q-Remote
70.7%
UZI-style SubmachineIngalls
68.3%
Combat ShotgunFrinesi
68.3%
PistolDefender
65.9%
Tool**Q-Decryptor
65.9%
High-Powered Sniper RifleSSR4000
63.4%
TransportationQ-Jet
63.4%
Scoped PDW-style Assault RifleUGW
61%
Pistol*Golden Gun
58.5%
Handheld SubmachineKS7
56.1%
Assault RifleKA575
56.1%
Scoped Assault RifleD17
56.1%
Weapon Type Weapon % Correct
Handheld Explosive**Grenade
56.1%
Pistol*Viper
53.7%
Assault Rifle with Grenade LauncherFSU4
53.7%
PDW-style SubmachinePS100
51.2%
Handheld Submachine*Calypso
51.2%
Handheld, Explosive-relatedGrenade Launcher
51.2%
Future WeaponPhoton Cannon
48.8%
RPGMRL-22
46.3%
ExplosiveTrip Mine
43.9%
Tool**Q-Card
43.9%
ExplosiveProximity Mine
41.5%
Pistol/Tool**Dartgun
41.5%
Tool**Q-Camera
36.6%
Tool**Q-Specs
31.7%

You're not logged in!

Compare scores with friends on all Sporcle quizzes.
OR
Log In

You Might Also Like...

Show Comments

Extras

Top Quizzes Today


Score Distribution

Your Account Isn't Verified!

In order to create a playlist on Sporcle, you need to verify the email address you used during registration. Go to your Sporcle Settings to finish the process.

Report this User

Report this user for behavior that violates our Community Guidelines.

Details: